Visualizzazione normale
Vista MARC
- García, Ramón,
di Personal Name
Records bibliografici associati: 1
001 - CONTROL NUMBER
- control field: 69894
003 - CONTROL NUMBER IDENTIFIER
- control field: IT-RoINE
005 - DATE AND TIME OF LATEST TRANSACTION
- control field: 20201215062144.0
008 - FIXED-LENGTH DATA ELEMENTS
- fixed length control field: 201215|| aca||aabn | a|a d
040 ## - CATALOGING SOURCE
- Original cataloging agency: IT-RoINE
- Transcribing agency: IT-RoINE
100 ## - HEADING--PERSONAL NAME
- Personal name: García, Ramón,
- Titles and other words associated with a name: S.I.
670 ## - SOURCE DATA FOUND
- Source citation: Work cat.: (IT-RoINE): Alfonso María de Ligorio, Santo, 1696-1787 1299, Visitas al Santísimo Sacramento y á María Santísima /, 1913.